000 00471nam a2200181Ia 4500
001 19825
005 20260306172721.0
008 260306t1987||||xx |||||||||||||| ||spa||
041 _aESP
082 _a341.11
_bC85
100 _aCotta, Sergio
_eAUT
245 0 _aEl derecho en la existencia humana:
_bprincipios de ontofenomenología jurídica
260 _c1987
300 _a248 páginas :
_c21 cm.
650 _aGEN
654 _aCDE
942 _cLIB
_dJUS
_fJUS
_2ddc
_n
999 _c19825
_d19825